Nemzetközi szervezetek küzdelme a gyerekkatonaság ellen - Különös tekintettel az UNICEF tevékenységére

Bibliographic Details
Main Author: Pásztor Karina
Other Authors: Nyusztay Dr. László
Lux Dr. Ágnes
Format: Thesis
Kulcsszavak:Gyerekkatonaság
ENSZ
UNICEF
Gyermekjog
Online Access:http://dolgozattar.uni-bge.hu/18694

MARC

LEADER 00000nta a2200000 i 4500
001 dolg18694
005 20221007100023.0
008 181203suuuu hu om 000 hun d
040 |a BGE Dolgozattár Repozitórium  |b hun 
041 |a hu 
100 1 |a Pásztor Karina 
245 1 0 |a Nemzetközi szervezetek küzdelme a gyerekkatonaság ellen - Különös tekintettel az UNICEF tevékenységére  |c Pásztor Karina  |h [elektronikus dokumentum] 
695 |a Gyerekkatonaság 
695 |a ENSZ 
695 |a UNICEF 
695 |a Gyermekjog 
700 1 |a Nyusztay Dr. László  |e ths 
700 1 |a Lux Dr. Ágnes  |e ths 
856 4 0 |u http://dolgozattar.uni-bge.hu/18694/1/Pasztor_Karina_BAITY8.pdf  |z Dokumentum-elérés